000 00491cam a22001577a 4500
008 180718b1987 xxu||||| |||| 00| 0 eng d
082 _aDx54 K958
100 _aKuldeep Singh
245 _aIndia and Bangladesh
_cby Kuldeep Singh
260 _aDelhi
_bAnmol
_c1987
300 _a187p.
650 _aGanges River (India and Bangladesh) --Water rights.
650 _aFarakka Dam (India)
650 _aBangladesh --Foreign relations --India
650 _aIndia --Foreign relations --Bangladesh
999 _c348866
_d348866